00819nam a22002417a 4500003000500000005001700005008004100022010001100063011001100074022001400085035001100099040000900110245009200119260005800211300001000269490008000279650002000359650002500379650003100404650002600435700003600461830008000497CHAP20220329143903.0120604s1991 mdu r 00010 eng d a103276 a1042480 a1056-9685 a114938 cCHAP00aRural health services funding :ba resource guidec/compilado por Louise Murphy Simmons aMaryland, EUA :bNational Agricultural Library,c1991 a32 h. 0aRural Information Center publication series.pRural Information Centerv; 714aBibliografía.14aComunidades rurales.14aSalud públicaxFinanzas.14aServicios públicos.1 aSimmons, Louise Murphye, comp. 0aRural Information Center publication series.pRural Information Centerv; 7